Las Limitaciones y servidumbres públicas en el derecho administrativo español / Juan Arroyo García
ISBN:
84-7016-219-5
Descripción Física:
346 p. ; 24 cm
MARC
| LEADER | 00000nam a2200000Ia 4500 | ||
|---|---|---|---|
| 001 | 18318 | ||
| 008 | 160829s1982 xx 000 0 cat d | ||
| 020 | |a 84-7016-219-5 | ||
| 080 | |a D-3-124 | ||
| 100 | |a Arroyo García, Juan |9 22310 | ||
| 245 | |a Las Limitaciones y servidumbres públicas en el derecho administrativo español / Juan Arroyo García | ||
| 260 | |a Pamplona : |b Aranzadi, |c 1982 | ||
| 300 | |a 346 p. ; |c 24 cm | ||
| 650 | |a Servituds (Dret) |x Espanya |9 22311 | ||
| 650 | 0 | |a Dret administratiu |z Espanya |9 23238 | |
| 650 | 0 | |a Serveis públics |x Dret i legislació |x Espanya |9 44228 | |
| 650 | 0 | |a Serveis públics |x Dret i legislació |x Espanya |9 44228 | |
| 901 | |a Arxiu | ||
| 942 | |n 1 | ||
| 952 | |0 1 |1 0 |2 udc |4 0 |5 2 |6 D3124 |7 1 |9 42166 |a Arxiu |b Arxiu |d 2016-12-01 |l 0 |o D-3-124 |p 18318 |r 2016-12-01 00:00:00 |w 2016-12-01 |y ARXIU | ||
| 999 | |c 44613 |d 44613 | ||